US State with the Highest/Lowest... Quiz Stats

 Plays Quiz Updated Mar 8, 2018

Also try: Hottest States
Challenge
Share
Tweet
Embed
Score 0/26 Timer 06:00
7 Plays Today
State % Correct
California
97.8%
Alaska
94.4%
Alaska (Denali)
68%
Rhode Island
62.6%
New Mexico
58.6%
New Jersey
54.9%
Alaska
51.4%
Alaska/Hawaii
49.6%
Wyoming
47.2%
Missouri/Tennessee
37.9%
Florida (Britton Hill)
33%
Maine
23.5%
Arizona (Phoenix)
22%
State % Correct
Hawaii
20.8%
Mississippi
20%
Alaska
20%
New Jersey
18.1%
Vermont (Montpelier)
16.8%
New Mexico
14.1%
Utah
11.9%
Maine
11.5%
Nevada/Rhode Island
11%
North Dakota
9.6%
Rhode Island
7.5%
Utah
6.3%
Maryland/Rhode Island
2.5%

You're not logged in!

Compare scores with friends on all Sporcle quizzes.
OR
Log In

You Might Also Like...

Show Comments

Extras

Top Quizzes Today


Score Distribution

Your Account Isn't Verified!

In order to create a playlist on Sporcle, you need to verify the email address you used during registration. Go to your Sporcle Settings to finish the process.

Report this User

Report this user for behavior that violates our Community Guidelines.

Details: